LEADER 01275cam0-22004091i-450- 001 990006463210403321 005 20060613105828.0 035 $a000646321 035 $aFED01000646321 035 $a(Aleph)000646321FED01 035 $a000646321 100 $a20010426g19751977km-y0itay50------ba 101 0 $aita 102 $aIT 105 $ay-------001yy 200 1 $a<>questione cattolica nella sinistra italiana$fPier Giorgio Zunino 210 $aBologna$cIl Mulino$d1975-1977 215 $a2 v.$d22 cm 225 1 $aSaggi$v149$v172 327 1 $a1: 1919-1939. - 1975$a2: 1940-1945. - 1977 610 0 $aPartiti di sinistra$aAtteggiamento verso i cattolici$aItalia$a1919-1945 676 $a324.24507$v21$zita 700 1$aZunino,$bPier Giorgio$0153443 801 0$aIT$bUNINA$gRICA$2UNIMARC 901 $aBK 912 $a990006463210403321 952 $a324.245 ZUN 1$bST.REL. 696$fFLFBC 952 $a324.245 ZUN 2$bST.REL. 1246$fFLFBC 952 $aSE 089.07.21-$b4506$fDECSE 952 $aSE 089.03.20-$b4383$fDECSE 952 $aCOL. 75 (149$b10846$fFSPBC 952 $aCOL. 75 (172$b10847$fFSPBC 959 $aFSPBC 959 $aFLFBC 959 $aDECSE 996 $aQuestione cattolica nella sinistra italiana$9194191 997 $aUNINA